Skiing
| Previous Title: | National skiing |
|---|---|
| Format: | Electronic Journal |
| Language: | English |
| Published: |
New York, NY :
Times Mirror Magazines
Boulder, CO : Bonnier Corp. |
| Subjects: | |
| Online Access: | Full text available from Research Library: 01/01/1988 to 12/31/1999 Full text available from Research Library: 01/01/2003 to 02/28/2013 |
MARC
| LEADER | 00000nas a22000007a 4500 | ||
|---|---|---|---|
| 001 | ssj0012696 | ||
| 003 | WaSeSS | ||
| 005 | 20200512172242.0 | ||
| 006 | m d | ||
| 007 | cr n | ||
| 008 | 050614c19589999nyubr pss 0 a0eng | ||
| 010 | |a 2011201710 | ||
| 022 | |a 2162-738X |y 0037-6264 | ||
| 035 | |a (WaSeSS)ssj0012696 | ||
| 037 | |b Skiing, 5720 Flatiron Parkway, Boulder, CO 80301 | ||
| 040 | |a OCLCS |b eng |c OCLCS |d OCLCQ |d AAA |d LGG |d AZU |d AU@ |d OCLCQ |d DLC |d OCLCQ |d COO |d OCLCO |d OCLCF |d OCLCO |d OCLCQ |d RECBK |d WaSeSS | ||
| 042 | |a pcc |a nsdp | ||
| 050 | 4 | |a GV854.A1 |b S63 | |
| 082 | 1 | 0 | |a 796 |2 14 |
| 082 | 0 | 4 | |a 796.93/05 |2 19 |
| 130 | 0 | |a Skiing (Los Angeles, Calif. : Online) | |
| 222 | 0 | |a Skiing |b (New York, N.Y. Online) | |
| 245 | 1 | 0 | |a Skiing |h [electronic resource]. |
| 260 | |3 <1958>- <Nov. 2007 |a New York, NY : |b Times Mirror Magazines | ||
| 260 | 3 | |3 <Dec. 2007 - |a Boulder, CO : |b Bonnier Corp. | |
| 310 | |a 7 no. a year, |b <1981-> | ||
| 362 | 1 | |a Print began with v. 11, no. 1 (Oct. 1958). | |
| 500 | |a Issued in regular and regional editions. | ||
| 506 | |a License restrictions may limit access. | ||
| 588 | |a Description based: Sept. 2008; title from PDF cover (Zinio's website, viewed on Aug. 3, 2011). | ||
| 588 | |a Latest issue consulted: Dec. 2010 (Zinio's website, viewed on Aug. 3, 2011). | ||
| 650 | 0 | |a Skis and skiing |v Periodicals. | |
| 650 | 7 | |a Skis and skiing. |2 fast |0 (OCoLC)fst01120169 | |
| 655 | 0 | |a Electronic journals. | |
| 780 | 0 | 0 | |t National skiing |
| 856 | 4 | 0 | |z Full text available from Research Library: 01/01/1988 to 12/31/1999 |u https://search.proquest.com/publication/35483 |
| 856 | 4 | 0 | |z Full text available from Research Library: 01/01/2003 to 02/28/2013 |u https://search.proquest.com/publication/35483 |